Géographie de l'Europe par lettre - W - Statistiques

Statistiques générales
  • Ce quiz a été pris 193 fois
  • Le résultat moyen est 7 sur 20
Statistiques - réponses
Indice Réponse % Correct
Région francophone de Belgique Wallonie
98%
Napoléon y subit sa défaite la plus célèbre Waterloo
95%
Ce tournoi de tennis compte parmi les 4 plus prestigieux au monde Wimbledon
84%
Duc anglais qui l'y battit, homonyme d'un plat de bœuf Wellington
61%
Ville allemande de Goethe et de Schiller, elle donne son nom à une république Weimar
57%
Club de football de Bundesliga {Werder} Brême
54%
Région historique de l'ouest de l'Allemagne Westphalie
30%
Ville polonaise et capitale silésienne, autrefois nommée Breslau Wroclaw
30%
Ville de la banlieue lilloise Wattrelos
27%
Île de la Manche Île de {Wight}
26%
Nom polonais de Varsovie Warszawa
22%
Comté anglais à la sauce aigre-douce Worcestershire
22%
Ville alsacienne, ancienne sous-préfecture du Bas-Rhin Wissembourg
18%
Plus grande ville suisse qui ne soit pas chef-lieu de canton Winterthour
17%
Plateau légèrement vallonné de Basse-Autriche, lieu d'une victoire napoléonienne Wagram
15%
Lac berlinois à la conférence éponyme Wannsee
11%
Long fleuve allemand coulant à Brême et se jetant dans la mer du Nord Weser
10%
Zone côtière délimitée par les îles de la Frise, inscrite à l'Unesco Mer des {Wadden}
4%
Deuxième sommet le plus haut d'Autriche, littéralement "la pointe sauvage" en allemand Wildspitze
3%
Ville de Luther, le protestantisme y trouve sa source Wittenberg
2%
Aucun quiz correspondant
Distribution des résultats
% des personnes avec chaque résultat
Percentile par nombre de réponses
Votre historique - résultats
Vous n’avez pas pris ce quiz